02007nam a22002177a 4500003001700000005001700017008004100034024000700075040000700082041001200089082001900101100001900120245007100139250000600210260002800216300002900244365006400273520140800337650002401745700002001769St Aloysius Coll20250820112901.0250820b |||||||| |||| 00| 0 eng d cAL cAL aEnglish a338.4791bHALG aMichael Hall C aGeography of tourism and recreationb: environment place and space a4 aLondonbRoutledgec2014 axii,458pbPBc24.5x19cm. 2Generala2783b₹6195.00c₹d₹4832.00e22%f12/08/2025 aThis fourth edition of The Geography of Tourism and Recreation provides students with a comprehensive introduction to the interrelationship between tourism, leisure and recreation from geographical and social science perspectives. It still remains the only book to systematically compare and contrast in a spatial context, tourism and recreation in relation to leisure time, offering insight into the demand, supply, planning, destination management and impacts of tourism and recreation. Hilst retaining its accessible style and approach this edition has been significantly updated to reflect recent developments and new concepts from geography which are beginning to permeate the tourism and recreational field. New features include: Content on the most recent developments, climate change, sustainability, mobilities and crisis management in time and space as well as trends such as low cost airlines and the control of land transport by transnational operators in the EU such as Arriva. More attention to management issues such as innovation and the spatial consequences for tourism and leisure development. New case studies and examples to showcase real life issues, from both developed and developing countries, especially the US, China and South Africa. Completely revised and redeveloped to accommodate new, user- friendly features: case studies, insights, summary points and learning objectives 2ProductionaTourism aPage, Stephen J